Organizations

Spremljeno u:
Bibliografski detalji
Glavni autor: Litterer, Joseph A. (autor)
Format: Knjiga
Jezik:engleski
Izdano: Nueva York John Wiley & Sons 1969
Izdanje:2a. ed
Serija:The Wiley Series in Management and Administration
Teme:
Oznake: Dodaj oznaku
Bez oznaka, Budi prvi tko označuje ovaj zapis!

MARC

LEADER 00000nam a2200000 a 4500
001 UCR9612
003 CL-VaPUC
008 980613e19690000US |||||||||||||||||eng|d
082 0 4 |a 658.1  |b LIT  |2 21 
100 |a Litterer, Joseph A.  |e autor  |9 412334 
245 1 0 |a Organizations 
250 |a 2a. ed 
300 |a 2 v 
942 |c BK 
945 |d 19980613 00:00:00  |a cmena 
260 |a Nueva York  |b John Wiley & Sons  |c 1969 
500 |a v.1: Structure and behavior 
500 |a v.2: Systems, control and adaptation 
650 0 |a Organizaciones  |9 337993 
650 7 |a INSTITUCIONES  |2 CL-VaPUC  |9 329701 
650 0 |a Empresas   |9 255569 
650 0 |a Estructura organizacional   |9 390800 
650 0 |a Administración de empresas   |9 260833 
650 0 |a Burocracia  |9 255511 
650 7 |a ORGANIZACION FORMAL  |2 CL-VaPUC  |9 412335 
650 7 |a ORGANIZACION INFORMAL  |2 CL-VaPUC  |9 412336 
650 0 |a Comportamiento   |9 308406 
650 0 |a Recursos humanos   |9 228420 
650 0 |a Interacción social   |9 307764 
583 |a last modification  |c 19980613 00:00:00  |k Rodrigo Vera 
490 0 |a The Wiley Series in Management and Administration 
999 |c 270798  |d 270796 
952 |0 0  |1 0  |4 0  |6 658_100000000000000_LIT_1969  |7 0  |8 P  |9 305200  |a BIBGIM  |b BIBGIM  |d 2019-11-20  |h v.1  |i 1419536  |o 658.1 LIT 1969  |p 1419536  |r 2025-01-15  |w 2019-11-20  |y BK  |k COM 
952 |0 0  |1 0  |4 0  |6 658_100000000000000_LIT_1969  |7 0  |8 P  |9 305201  |a BIBGIM  |b BIBGIM  |d 2019-11-20  |h v.2  |i 1419544  |o 658.1 LIT 1969  |p 1419544  |r 2025-01-15  |w 2019-11-20  |y BK  |k COM